00538nam a2200181Ia 4500003000400000008004100004040001600045082001300061100002800074245006000102700001900162700002900181260006300210300001000273650002200283650001900305650003200324GCL140319s9999 xx 000 0 eng d aGCL / cGCL04a928bE M1 aMAHMAD FAWZI ABDEL AZIZ10aECHOES OF AN AUTOBIOGRAPHY / cMAHMAD FAWZI ABDEL AZIZ1 aNAGUIB MAHFOUZ1 aJOHNSON, DAVIES - DENEYS a[S.N] : bTHE AMERICAN UNIVERSITY IN CAIRO PRESS ، c1997 a118 P04aARABIC LITERATURE04aNAGUIB MAHFOUZ04aAUTOBIOGRAPHY IN LITERATURE